Jubileumi Emlék-Horgászverseny

Bibliographic Details
Main Author: Szentesi, Miklós (Author)
Format: Article
Language:Hungarian
PhysicalDescription:Fotografie
ISSN:2453-6288
Subjects:

MARC

LEADER 00000nab a2200000 4500
001 vtls011887912
003 SK-MaSNL
005 20260318133014.0
008 190918|2019 xo |||| || ||00 0|hun
015 |a SNBR2019/09 
040 |a DSZK  |b slo  |d DSZK  |e rda 
041 |a hun 
043 |a e-xo--- 
044 |a xo  |c SK 
072 7 |a 639.2/.6  |x Rybárstvo  |2 konspekt 
080 |a 639.2  |x (437.6)  |2 2011 
100 1 |a Szentesi, Miklós  |4 aut  |9 1232573 
245 1 0 |a Jubileumi Emlék-Horgászverseny  |c Szentesi Miklós 
300 |b Fotografie 
336 |a text  |b txt  |2 rdacontent 
337 |a bez média  |b n  |2 rdamedia 
338 |a zväzok  |b nc  |2 rdacarrier 
611 2 7 |a Memoriál Gáspára Molnára  |n (5. :  |d 2019 :  |c Vrakúň, Slovensko)  |2 dszk  |9 1232574 
648 7 |a 2019  |2 dszk  |9 350886 
650 0 7 |a rybolov  |2 SNKPH  |9 2838 
650 0 7 |a rybárske preteky  |2 dszk  |9 1086845 
651 7 |a Vrakúň (Slovensko)  |2 SNKPHgeo  |9 109956 
773 0 |t Nyékvárkony lapja  |g Évf. 5, sz. 2 (2019), o. 13  |x 2453-6288 
958 |a SK 
958 |a HU 
958 |a RG 
999 |c 2175063  |d 2176993